000 00359nam a2200133Ia 4500
008 191201s2000 xx 000 0 und d
082 _a005.133
_bSCP
100 _aScott, Michael, L
245 0 _aProgramming Language Pragmatics
260 _aN.Delhi
_bMorgan Kaufmann An inprint of Elsevier
_c2000
300 _a856
650 _aB.Tech(CSE)
942 _2ddc
_cBK
999 _c1281
_d1281